000 01045nam a22002891 4500
001 9231
003 BD-RjUL
005 20211208234736.0
008 140120r1957 maua 001 0 eng
035 _a(BD-RjUL)9276
040 _aDLC/ICU
_cICU
_dDLC
_dBD-RjUL
_beng
041 _aeng
082 0 0 _a537.6
_bBIC 1957
100 1 _aBitter, Francis,
_d1902-1967.
_928067
245 1 0 _aCurrents, fields, and particles /
_cFrancis Bitter
260 _aCambridge :
_bPublished jointly by the Technology Press of Massachusetts Institute of Technology, and Wiley, New York ,
_cc1956 [3rd. pri. 1957].
300 _axiv, 599 p. :
_billus. ;
_c23 cm.
500 _aLater ed. by F. Bitter and H. Medicus published in 1973 under title: Fields and particles.
504 _aIncludes index.
650 0 _aElectric currents.
_927773
650 0 _aElectromagnetism.
_9401
650 0 _aNuclear physics.
_928642
942 _2ddc
_cBK
999 _c9231
_d9231